Pasajes de la escultura moderna
Salvato in:
| Autore principale: | |
|---|---|
| Natura: | Libro |
| Lingua: | spagnolo |
| Pubblicazione: |
Madrid
Akal
2002
|
| Serie: | Arte Contemporáneo, 9
|
| Soggetti: | |
| Tags: |
Aggiungi Tag
Nessun Tag, puoi essere il primo ad aggiungerne!!
|
MARC
| LEADER | 00000nam a2200000 a 4500 | ||
|---|---|---|---|
| 001 | UCH0765 | ||
| 003 | CL-VaPUC | ||
| 008 | 090326e20020000SP |||||||||||||||||spa|d | ||
| 020 | |a 8446011417 | ||
| 082 | 0 | 4 | |a 735.23 |b KRA |2 21 |
| 100 | |a Krauss, Rosalind E |e autora |9 579175 | ||
| 245 | 1 | 0 | |a Pasajes de la escultura moderna |
| 300 | |a 292 p | ||
| 942 | |c BK | ||
| 945 | |d 20090326 00:00:00 |a rbrito | ||
| 260 | |a Madrid |b Akal |c 2002 | ||
| 650 | 7 | |a ESCULTURA CONTEMPORANEA |2 CL-VaPUC |9 449118 | |
| 650 | 7 | |a ESCULTURA MODERNA |2 CL-VaPUC |9 268158 | |
| 650 | 7 | |a ESCULTURA SIGLO 20 |2 CL-VaPUC |9 268673 | |
| 583 | |a last modification |c 20140403 05:16:04 |k Rodrigo Vera | ||
| 490 | 0 | |a Arte Contemporáneo, 9 | |
| 999 | |c 333008 |d 333006 | ||